00251nam a2200109Ia 4500008004100000245003200041260001600073440000600089521002200095942000700117999001700124140130s9999 xx 000 0 und d cCarle, EricaTiny Seed, the bScholastic, v1 aGrade 1 - Grade 2 cBK c40253d40253